000 00494cam a22001337a 4500
008 180718b1987 xxu||||| |||| 00| 0 eng d
020 _a19 562007 0
082 _aA99 J334s
245 _aIndian Diay;Sidney and Beatrice Webb
_cedited by Niraja Gopal Jayal
260 _aDelhi
_bOxford University
_c1987
300 _axlviii,222p
650 _aWebb, Sidney, 1859-1947 -Travel -India.Webb, Beatrice Potter, 1858-1943 -Travel -India.India -Description and travel.
700 _aJayal, Niraja Gopal.ed
999 _c415135
_d415135